El programa de mejoramiento a la infancia: la relación estado y sociedad civil

Guardat en:
Dades bibliogràfiques
Autor principal: Mardesic Stuardo, Patricia Vinka (autora)
Format: Llibre
Idioma:espanyol
Publicat: Santiago Ministerio de Educación 1999
Col·lecció:Serie Educación Parvularia 2000: Aportes para la Reflexión y Acción, 1.2
Matèries:
Etiquetes: Afegir etiqueta
Sense etiquetes, Sigues el primer a etiquetar aquest registre!

MARC

LEADER 00000nam a2200000 a 4500
001 UCM6007
003 CL-VaPUC
008 021025e19990000CL |||||||||||||||||spa|d
082 0 4 |a 372.21  |b MAR  |2 21 
100 |a Mardesic Stuardo, Patricia Vinka  |e autora  |9 472162 
245 1 3 |a El programa de mejoramiento a la infancia: la relación estado y sociedad civil 
300 |a 59 p 
942 |c BK 
945 |d 20021025 00:00:00  |a cmena 
260 |a Santiago  |b Ministerio de Educación  |c 1999 
650 0 |a Educación preescolar  |9 260381 
650 0 |a Planificación del currículo  |9 269599 
650 0 |a Reforma educacional   |9 256319 
650 0 |a Igualdad de oportunidades  |9 331873 
650 0 |a Problemas sociales  |9 258537 
650 0 |a Pobreza  |9 258652 
583 |a last modification  |c 20021025 00:00:00  |k Rodrigo Vera 
490 0 |a Serie Educación Parvularia 2000: Aportes para la Reflexión y Acción, 1.2 
999 |c 301675  |d 301673 
952 |0 0  |1 0  |4 0  |6 372_210000000000000_MAR_1999  |7 0  |8 P  |9 361010  |a BIBEDU  |b BIBEDU  |c BIBEDU_PB  |d 2019-11-21  |i 3851915  |o 372.21 MAR 1999  |p 3851915  |r 2019-11-21  |w 2019-11-21  |y BK  |k EPE 
952 |0 0  |1 0  |4 0  |6 372_210000000000000_MAR_1999  |7 0  |8 P  |9 361011  |a BIBEDU  |b BIBEDU  |c BIBEDU_PB  |d 2019-11-21  |i 3851923  |o 372.21 MAR 1999  |p 3851923  |r 2024-01-25  |w 2019-11-21  |y BK  |k EPE 
952 |0 0  |1 0  |4 0  |6 372_210000000000000_MAR_1999  |7 0  |8 P  |9 361012  |a BIBEDU  |b BIBEDU  |c BIBEDU_PB  |d 2019-11-21  |i 3851931  |o 372.21 MAR 1999  |p 3851931  |r 2024-01-25  |w 2019-11-21  |y BK  |k EPE 
952 |0 0  |1 0  |4 0  |6 372_210000000000000_MAR_1999  |7 0  |8 P  |9 361013  |a BIBEDU  |b BIBEDU  |c BIBEDU_PB  |d 2019-11-21  |i 385194K  |o 372.21 MAR 1999  |p 385194K  |r 2024-01-25  |w 2019-11-21  |y BK  |k EPE 
952 |0 0  |1 0  |4 0  |6 372_210000000000000_MAR_1999  |7 0  |8 P  |9 361014  |a BIBEDU  |b BIBEDU  |c BIBEDU_PB  |d 2019-11-21  |i 3851958  |o 372.21 MAR 1999  |p 3851958  |r 2024-01-25  |w 2019-11-21  |y BK  |k EPE 
952 |0 0  |1 0  |4 0  |6 372_210000000000000_MAR_1999  |7 0  |8 P  |9 361015  |a BIBEDU  |b BIBEDU  |c BIBEDU_PB  |d 2019-11-21  |i 3851966  |o 372.21 MAR 1999  |p 3851966  |r 2024-01-25  |w 2019-11-21  |y BK  |k EPE 
952 |0 0  |1 0  |4 0  |6 372_210000000000000_MAR_1999  |7 0  |8 P  |9 361016  |a BIBEDU  |b BIBEDU  |c BIBEDU_PB  |d 2019-11-21  |i 3851974  |o 372.21 MAR 1999  |p 3851974  |r 2024-01-25  |w 2019-11-21  |y BK  |k EPE 
952 |0 0  |1 0  |4 0  |6 372_210000000000000_MAR_1999  |7 0  |8 P  |9 361017  |a BIBEDU  |b BIBEDU  |c BIBEDU_PB  |d 2019-11-21  |i 3851982  |o 372.21 MAR 1999  |p 3851982  |r 2024-01-25  |w 2019-11-21  |y BK  |k EPE 
952 |0 0  |1 0  |4 0  |6 372_210000000000000_MAR_1999  |7 0  |8 P  |9 361018  |a BIBEDU  |b BIBEDU  |c BIBEDU_PB  |d 2019-11-21  |i 3851990  |o 372.21 MAR 1999  |p 3851990  |r 2024-01-25  |w 2019-11-21  |y BK  |k EPE 
952 |0 0  |1 0  |4 0  |6 372_210000000000000_MAR_1999  |7 0  |8 P  |9 361019  |a BIBEDU  |b BIBEDU  |c BIBEDU_PB  |d 2019-11-21  |i 3852008  |o 372.21 MAR 1999  |p 3852008  |r 2024-01-25  |w 2019-11-21  |y BK  |k EPE 
952 |0 0  |1 0  |4 0  |6 372_210000000000000_MAR_1999  |7 0  |8 P  |9 361020  |a BIBEDU  |b BIBEDU  |c BIBEDU_PB  |d 2019-11-21  |i 3852016  |o 372.21 MAR 1999  |p 3852016  |r 2024-01-25  |w 2019-11-21  |y BK  |k EPE 
952 |0 0  |1 0  |4 0  |6 372_210000000000000_MAR_1999  |7 0  |8 P  |9 361021  |a BIBEDU  |b BIBEDU  |c BIBEDU_PB  |d 2019-11-21  |i 3852024  |o 372.21 MAR 1999  |p 3852024  |r 2024-01-25  |w 2019-11-21  |y BK  |k EPE 
952 |0 0  |1 0  |4 0  |6 372_210000000000000_MAR_1999  |7 0  |8 P  |9 361022  |a BIBEDU  |b BIBEDU  |c BIBEDU_PB  |d 2019-11-21  |i 3852032  |o 372.21 MAR 1999  |p 3852032  |r 2019-11-21  |w 2019-11-21  |y BK  |k EPE 
952 |0 0  |1 0  |4 0  |6 372_210000000000000_MAR_1999  |7 0  |8 P  |9 361023  |a BIBEDU  |b BIBEDU  |c BIBEDU_PB  |d 2019-11-21  |i 3852040  |o 372.21 MAR 1999  |p 3852040  |r 2024-01-25  |w 2019-11-21  |y BK  |k EPE 
952 |0 0  |1 0  |4 0  |6 372_210000000000000_MAR_1999  |7 0  |8 P  |9 361024  |a BIBEDU  |b BIBEDU  |c BIBEDU_PB  |d 2019-11-21  |i 3852059  |o 372.21 MAR 1999  |p 3852059  |r 2024-01-25  |w 2019-11-21  |y BK  |k EPE 
952 |0 0  |1 0  |4 0  |6 372_210000000000000_MAR_1999  |7 0  |8 P  |9 361025  |a BIBEDU  |b BIBEDU  |c BIBEDU_PB  |d 2019-11-21  |i 3852067  |o 372.21 MAR 1999  |p 3852067  |r 2024-01-25  |w 2019-11-21  |y BK  |k EPE 
952 |0 0  |1 0  |4 0  |6 372_210000000000000_MAR_1999  |7 0  |8 P  |9 361026  |a BIBEDU  |b BIBEDU  |c BIBEDU_PB  |d 2019-11-21  |i 3852075  |o 372.21 MAR 1999  |p 3852075  |r 2024-01-25  |w 2019-11-21  |y BK  |k EPE 
952 |0 0  |1 0  |4 0  |6 372_210000000000000_MAR_1999  |7 0  |8 P  |9 361027  |a BIBEDU  |b BIBEDU  |c BIBEDU_PB  |d 2019-11-21  |i 3852083  |o 372.21 MAR 1999  |p 3852083  |r 2024-01-25  |w 2019-11-21  |y BK  |k EPE 
952 |0 0  |1 0  |4 0  |6 372_210000000000000_MAR_1999  |7 0  |8 P  |9 361028  |a BIBEDU  |b BIBEDU  |c BIBEDU_PB  |d 2019-11-21  |i 3852091  |o 372.21 MAR 1999  |p 3852091  |r 2024-01-25  |w 2019-11-21  |y BK  |k EPE 
952 |0 0  |1 0  |4 0  |6 372_210000000000000_MAR_1999  |7 0  |8 P  |9 361029  |a BIBEDU  |b BIBEDU  |c BIBEDU_PB  |d 2019-11-21  |i 3852105  |o 372.21 MAR 1999  |p 3852105  |r 2024-01-25  |w 2019-11-21  |y BK  |k EPE 
952 |0 0  |1 0  |4 0  |6 372_210000000000000_MAR_1999  |7 0  |8 P  |9 361030  |a BIBEDU  |b BIBEDU  |c BIBEDU_PB  |d 2019-11-21  |i 3852113  |o 372.21 MAR 1999  |p 3852113  |r 2024-01-25  |w 2019-11-21  |y BK  |k EPE 
952 |0 0  |1 0  |4 0  |6 372_210000000000000_MAR_1999  |7 0  |8 P  |9 361031  |a BIBEDU  |b BIBEDU  |c BIBEDU_PB  |d 2019-11-21  |i 3852121  |o 372.21 MAR 1999  |p 3852121  |r 2024-01-25  |w 2019-11-21  |y BK  |k EPE 
952 |0 0  |1 0  |4 0  |6 372_210000000000000_MAR_1999  |7 0  |8 P  |9 361032  |a BIBEDU  |b BIBEDU  |c BIBEDU_PB  |d 2019-11-21  |i 385213K  |o 372.21 MAR 1999  |p 385213K  |r 2024-01-25  |w 2019-11-21  |y BK  |k EPE